El problema del hombre : introducción a la antropología filosófica /

保存先:
書誌詳細
第一著者: Gevaert, Joseph (autor)
その他の著者: Ortiz, Alfonso (traducción) (traducción)
フォーマット: 図書
言語:スペイン語
出版事項: Salamanca, España : Sígueme, 1993, c1976
版:9a edición
シリーズ:(Lux Mundi ; 48)
主題:
タグ: タグ追加
タグなし, このレコードへの初めてのタグを付けませんか!

MARC

LEADER 00000nam^a2200000^a^4500
001 000393854
005 20250521000000.0
009 20260310121320.793
020 |a 84-301-0423-2 
025 |a Donación Buena Prensa, 1 ejemplar (noviembre 2016) 
037 |a Acervo Xavier Clavigero 
041 |a ESP 
082 |a 128.  |b GEV 
100 |a Gevaert, Joseph  |e (autor) 
245 1 3 |a El problema del hombre :  |b introducción a la antropología filosófica /  |c J. Gevaert ; tr. por A. Ortiz. 
250 |a 9a edición 
264 4 |a Salamanca, España :  |b Sígueme,  |c 1993, c1976 
300 |a 360 p. 
336 |a texto  |b txt  |2 rdacontenido 
337 |a sin mediación  |b n  |2 rdamedio 
338 |a volumen  |b nc  |2 rdasoporte 
440 1 |a (Lux Mundi ;  |v 48) 
500 |a Traducción de: Il problema dell'uomo. Introduzione all'antropologia filosofica 
649 |a XX 
650 |a Muerte 
650 |a Esperanza 
650 |a Libertad 
650 |a Antropología Filosófica -  |x Tema Principal 
650 |a Filosofía 
700 |a Ortiz, Alfonso  |e (traducción) 
910 |a Fondo General 
920 |a Impresos - Libros 
930 |a Colección General 
905 |a 101 
901 |a 0500288583  |b IT1  |c ACC  |i FXC D  |u 20250521 
902 |a https://opac.biblio.iteso.mx/vufind/Record/000393854